| 000 | 00680nam a22001815a 4500 | ||
|---|---|---|---|
| 005 | 20201124142042.0 | ||
| 008 | 080923t2004 jo a|||fr|||| 00| 0 eng d | ||
| 040 |
_aEG-ScBUE _beng _cEG-ScBUE |
||
| 082 | 0 | 4 |
_222 _a301.4235956 _bPRO |
| 245 | 1 | 0 |
_aProgress of Arab women 2004 : _bone paradigm, four arenas and more than 140 million women / _cUNIFEM: United Nations Development Fund For Women. |
| 260 |
_aAmman, Jordan : _bUNIFEM: United Nations Development Funds For Women, _c2004. |
||
| 300 |
_axvii, 309 p. : _bill., photos, tables ; _c20 cm. |
||
| 590 | _ayassmeen ashraf | ||
| 651 | _2BUEsh | ||
| 653 |
_bBUSBOL _cAugust2015 |
||
| 655 |
_vreading book _934232 |
||
| 942 |
_2ddc _cBB |
||
| 999 |
_c10194 _d10194 |
||